00700nam a22002057a 4500003001100000005001700011008004100028040003900069041000800108082001500116245004400131260006300175300003000238490004000268650003900308650003500347942000700382952009000389999001500479LK-CoMWRAF20231225184518.0231225b1983 |||||||| |||| 00| 0 eng d aLK-CoMWRAFdLK-CoMWRAFeLK-CoMWRAF aeng a305.8bSRI a Sri Lanka- who wants a separate state? a[Colombo]:bDepartment of Information, Sri Lanka, c[1983] a 8 unnumbered p. ; 21 cm. a Overseas information seriesvno. 9 aSri Lanka- Politics and government aTamil (Indic people) Sri Lanka cBK 00104070aMAINbMAINd2023-12-25l0o305.8 SRIpRAF4623r2023-12-25w2023-12-25yBK c4563d4563